000 00654nam a2200193 i 4500
001 36580
003 ES-MaACL
005 20251001145915.0
007 t|
008 030218s1966 sp ||||1| spa d
100 1 _aBraudel, Fernand.
_931403
245 1 4 _aLas civilizaciones actuales
_b: estudio de historia económica y social /
_cFernand Braudel ; [traducción por J. Gómez Mendoza y Gonzalo Anes].
260 _aMadrid :
_bTecnos,
_c[1966]
300 _a497 p. ;
_c24 cm.
700 1 _aGómez Mendoza, Josefina.
_958042
700 1 _aAnes, Gonzalo,
_d1931-2014
_921689
852 _aES-MaACL
_jC-29196
_bR.59644
999 _c36580
_d36580